| 000 | 00451nam a2200157Ia 4500 | ||
|---|---|---|---|
| 999 |
_c17399 _d17399 |
||
| 003 | OSt | ||
| 005 | 20201214145137.0 | ||
| 008 | 190216s9999||||xx |||||||||||||| ||und|| | ||
| 040 | _coclc | ||
| 082 |
_a920 _bDAI/G |
||
| 100 |
_aDaivedi, Sohanlal _97427 |
||
| 245 | 0 |
_aGandi Shathdal / _cSohanlal Daivedi |
|
| 260 |
_bMac Millian And Com. Ltd, _aNew delhi: _c1969. |
||
| 300 | _a293p | ||
| 942 |
_cBK _2ddc _h920 _iDAI/G _k920 _mDAI/G |
||